000 00471cam a22001097a 4500
008 180718b1971 xxu||||| |||| 00| 0 eng d
082 _aR6:O11x42 Un3d
245 _aAll in a working day (an abridged version of the report on the organisation of the work of junior hospital doctors)
_cby Department of Health and Social Security, U.K.
260 _aLondon
_bHer Majesty's Stationery Office
_c1971
300 _aiv, 39p
700 _aU.K. Department of Health and Social Security
999 _c496100
_d496100